Central Library OPAC University of Rajshahi

Environment and archeology : (Record no. 11156)

MARC details
000 -LEADER
fixed length control field 00897cam a22002771 4500
001 - CONTROL NUMBER
control field 11156
003 - CONTROL NUMBER IDENTIFIER
rucl marc code BD-RjUL
005 - DATE AND TIME OF LATEST TRANSACTION
control field 20211208235059.0
008 - FIXED-LENGTH DATA ELEMENTS--GENERAL INFORMATION
fixed length control field 140126r19661964iluab b 000 0 eng
035 ## - SYSTEM CONTROL NUMBER
System control number (BD-RjUL)11205
040 ## - CATALOGING SOURCE
Original cataloging agency DLC/ICU
Transcribing agency ICU
Modifying agency DLC
-- BD-RjUL
Language of cataloging eng
041 ## - LANGUAGE CODE
Language code of text/sound track or separate title eng
082 00 - DEWEY DECIMAL CLASSIFICATION NUMBER
Classification number 551.792
Author mark and year BUE 1966
100 1# - MAIN ENTRY--PERSONAL NAME
Personal name Butzer, Karl W.
9 (RLIN) 34511
245 10 - TITLE STATEMENT
Title Environment and archeology :
Remainder of title An introduction to Pleistocene geography /
Statement of responsibility, etc. by Karl W. Butzer.
260 ## - PUBLICATION, DISTRIBUTION, ETC. (IMPRINT)
Place of publication, distribution, etc. Chicago :
Name of publisher, distributor, etc. Aldine Pub. Co.,
Date of publication, distribution, etc. c1964[Reprinted 1966].
300 ## - PHYSICAL DESCRIPTION
Pagination xviii, 524 p. :
Illustrations illus., maps. ;
Size 24 cm.
504 ## - BIBLIOGRAPHY, ETC. NOTE
Bibliography, etc Bibliography: p. 472-510.
650 #0 - SUBJECT ADDED ENTRY--TOPICAL TERM
Topical term or geographic name as entry element Prehistoric peoples.
9 (RLIN) 34070
Topical term or geographic name as entry element Paleoclimatology.
9 (RLIN) 32979
Topical term or geographic name as entry element Geology, Stratigraphic
Chronological subdivision Pleistocene.
9 (RLIN) 32621
Topical term or geographic name as entry element Paleontology
Chronological subdivision Pleistocene.
9 (RLIN) 34512
942 ## - ADDED ENTRY ELEMENTS (KOHA)
Source of classification or shelving scheme Dewey Decimal Classification
Koha item type Books
Holdings
Lost status Source of classification or shelving scheme Damaged status Not for loan Permanent Location Current Location Shelving location Date acquired Source of acquisition Cost, normal purchase price Total Checkouts Full call number Date last seen Copy number Koha item type Collection code
  Dewey Decimal Classification     Central Library, University of Rajshahi Central Library, University of Rajshahi   23/01/1969 Zeitlinger 119.00   551.792 BUE 1966 26/01/2014 C-2 Books  
  Dewey Decimal Classification     Central Library, University of Rajshahi Central Library, University of Rajshahi   20/06/1973 Mitali Prokasoni, Rajshahi 109.00   551.792 BUE 1964 17/05/2017 C-3 Books Non-fiction
  Dewey Decimal Classification     Central Library, University of Rajshahi Central Library, University of Rajshahi   20/06/1973 Mitali Prokasoni, Rajshahi 109.00   551.792 BUE 1966 17/05/2017 C-4 Books Non-fiction
  Dewey Decimal Classification     Central Library, University of Rajshahi Central Library, University of Rajshahi   20/06/1973 Mitali Prokasoni, Rajshahi 109.00   551.792 BUE 1964 17/05/2017 C-5 Books Non-fiction
  Dewey Decimal Classification     Central Library, University of Rajshahi Central Library, University of Rajshahi   20/06/1973 Mitali Prokasoni, Rajshahi 109.00   551.792 BUE 1964 17/05/2017 C-6 Books Non-fiction